Bürgerkrieg in der Ukraine
| Titel: | Bürgerkrieg in der Ukraine : Geschichte, Hintergründe, Beteiligte / Reinhard Lauterbach |
|---|---|
| Verfasser: | |
| Ausgabe: | Original-Ausgabe, 1. Auflage |
| Veröffentlicht: | Berlin : Ed. Berolina, 2014 |
| Umfang: | 156 Seiten ; 21 cm |
| Format: | Buch |
| Sprache: | Deutsch |
| Andere Ausgaben: |
Erscheint auch als Online-Ausgabe: Lauterbach, Reinhard. Bürgerkrieg in der Ukraine
|
| ISBN: | 9783958410015 ; 3958410014 |
| Hinweise zum Inhalt: |
Inhaltsverzeichnis
Inhaltstext |
alg: 35163155 001A $06000:11-12-14 001B $01999:20-06-24 $t10:55:35.000 001D $06000:18-12-14 001U $0utf8 001X $00 002@ $0Aax 002C $aText $btxt $2rdacontent 002D $aohne Hilfsmittel zu benutzen $bn $2rdamedia 002E $aBand $bnc $2rdacarrier 003@ $0351631550 003O $0895311516 $aOCoLC 004A $A978-3-95841-001-5 $fkart. : EUR 9.99 (DE), EUR 10.30 (AT), sfr 14.90 (freier Pr.) 004A $03-95841-001-4 004K $09783958410015 006C $0895311516 006G $01060455617 006H $0TOCNEUA1450 $2DNB 006T $014,N46 006U $014,A51 $f20141105 007A $01060455617 $aDNB 009P $qapplication/pdf $A2 $3Inhaltsverzeichnis $uhttp://d-nb.info/1060455617/04 $mB:DE-101 009P $qtext/html $A2 $3Inhaltstext $uhttp://deposit.dnb.de/cgi-bin/dokserv?id=4816308&prov=M&dok_var=1&dok_ext=htm $mX:MVB 010@ $ager 011@ $a2014 017A $asf 021A $aBürgerkrieg in der Ukraine $dGeschichte, Hintergründe, Beteiligte $hReinhard Lauterbach 028A $BVerfasser $4aut $71063069491 $8Lauterbach, Reinhard$Z1955- [Tp3] $9350923205 032@ $aOriginal-Ausgabe, 1. Auflage 033A $pBerlin $nEd. Berolina 034D $a156 Seiten 034I $a21 cm 037A $aLiteraturangaben 039D $aErscheint auch als $tBürgerkrieg in der Ukraine $lLauterbach, Reinhard $nOnline-Ausgabe 044K $qDNB $RUkrainische SSR $#Ukraine $#Ukraine $#Украïна $#Ukrainische SSR $#Ukrajina $#Ukraina $#Ukrai͏̈na Ukraine $#Ukraina Ukraine $#Ukrajna $74061496-7 $8Ukraine [Tgz] $9085170801 045E $c940 045F $a947.7 $eDDC22ger 045F/01 $a947.76 045G $a900.94770905 $eDDC23BSB 045G/01 $a900 045G/03 $f0905 045G/03 $g477 045H $a909 $eDDC23BSB 045H/01 $a909 045H/03 $g477 045R $aGeschichte lok: 35163155 24 101B $012-02-15 $t14:16:36.000 101C $012-02-15 101U $0utf8 145Z/01 $a42 7 S 145Z/02 $a42 7 Ra 145Z/03 $a42 7 V exp: 35163155 24 1 #EPN 201B/01 $012-02-15 $t14:16:36.000 201C/01 $026-01-15 201U/01 $0utf8 203@/01 $074879266X 208@/01 $a12-02-15 $bz 209A/01 $a15.00963 $du $f050 $h15 00963 $x00 209C/01 $a15.00963 K $h15 00963 K 209G/01 $a73588103 $x00 220C/01 $ajwa/hae 247C/01 $8358050-7Marburg, Bibliothek des Herder-Instituts Marburg $9102600961
| LEADER | 00000cam a22000002c 4500 | ||
|---|---|---|---|
| 001 | 351631550 | ||
| 003 | DE-603 | ||
| 005 | 20240620105535.0 | ||
| 007 | tu | ||
| 008 | 141211s2014 xx |||| | u00||u|ger | ||
| 015 | |a 14,A51 |z 14,N46 |2 dnb | ||
| 016 | 7 | |2 DE-101 |a 1060455617 | |
| 020 | |a 9783958410015 |c kart. : EUR 9.99 (DE), EUR 10.30 (AT), sfr 14.90 (freier Pr.) | ||
| 020 | |a 3958410014 | ||
| 024 | 3 | |a 9783958410015 | |
| 035 | |a (DE-599)DNB1060455617 | ||
| 035 | |a (OCoLC)895311516 | ||
| 040 | |a DE-603 |b ger |c DE-603 |d DE-603 | ||
| 041 | |a ger | ||
| 082 | 0 | 4 | |8 1\u |a 947.7 |q DE-101 |2 22/ger |
| 083 | 0 | |8 2\u |a 900.94770905 |q DE-101 |2 23/BSB | |
| 083 | 0 | |8 3\u |a 909 |q DE-101 |2 23/BSB | |
| 084 | |a 940 |q DE-101 |2 sdnb | ||
| 085 | |8 1\u |b 947.76 | ||
| 085 | |8 2\u |b 900 | ||
| 085 | |8 2\u |z 1 |s 0905 | ||
| 085 | |8 2\u |z 2 |s 477 | ||
| 085 | |8 3\u |b 909 | ||
| 085 | |8 3\u |z 2 |s 477 | ||
| 090 | |a b | ||
| 100 | 1 | |a Lauterbach, Reinhard |d 1955- |e Verfasser |4 aut |0 (DE-603)350923205 |0 (DE-588)1063069491 |2 gnd | |
| 245 | 0 | 0 | |a Bürgerkrieg in der Ukraine |b Geschichte, Hintergründe, Beteiligte |c Reinhard Lauterbach |
| 250 | |a Original-Ausgabe, 1. Auflage | ||
| 264 | 1 | |a Berlin |b Ed. Berolina |c 2014 | |
| 300 | |a 156 Seiten |c 21 cm | ||
| 336 | |a Text |b txt |2 rdacontent | ||
| 337 | |a ohne Hilfsmittel zu benutzen |b n |2 rdamedia | ||
| 338 | |a Band |b nc |2 rdacarrier | ||
| 500 | |a Literaturangaben | ||
| 648 | 7 | |a Geschichte |2 gnd | |
| 651 | 7 | |a Ukraine |0 (DE-588)4061496-7 |0 (DE-603)085170801 |2 gnd | |
| 776 | 0 | 8 | |i Erscheint auch als |n Online-Ausgabe |a Lauterbach, Reinhard |t Bürgerkrieg in der Ukraine |
| 856 | 4 | 2 | |m B:DE-101 |q application/pdf |u http://d-nb.info/1060455617/04 |3 Inhaltsverzeichnis |
| 856 | 4 | 2 | |m X:MVB |q text/html |u http://deposit.dnb.de/cgi-bin/dokserv?id=4816308&prov=M&dok_var=1&dok_ext=htm |3 Inhaltstext |
| 924 | 0 | |9 Mb 50 |a (DE-603)74879266X |b DE-Mb50 |c HES |d c |g 15.00963 | |


